| 000 | 00697nam a2200217 a 4500 | ||
|---|---|---|---|
| 005 | 20210223121518.0 | ||
| 008 | 991125m19572005mx 000 0 spa u | ||
| 020 | _a9681602137 | ||
| 035 | _aUPN01000019066 | ||
| 049 | _aCG | ||
| 050 | 4 |
_aE169.1 _bM5.38 |
|
| 100 | 1 |
_aMills, Charles Wright, _d1916-1962 _929271 |
|
| 245 | 1 | 3 |
_aLa élite del poder / _cC. Wright Mills ; tr. Florentino M. Torner. |
| 260 |
_aMéxico : _bFCE, _c1957 (2005 impr.). |
||
| 300 | _a388 p. | ||
| 440 | 0 | _aSección de obras de sociología | |
| 534 |
_pTítulo original: _tThe power elite |
||
| 651 | 4 |
_aESTADOS UNIDOS - _xCIVILIZACION _923541 |
|
| 651 | 4 |
_aESTADOS UNIDOS - _xCONDICIONES SOCIALES _923749 |
|
| 905 | _aLibro | ||
| 999 |
_c19066 _d19066 |
||